000 00638nam a22001937a 4500
003 OSt
005 20220705112343.0
008 220704b |||||||| |||| 00| 0 eng d
020 _a9789352864324
082 _a550
_bK28I
100 _aKeller, Edward A
245 _aIntroduction to environemental geology
_cby Edward A. Keller
250 _a5th ed.
260 _aNoida [UP]
_bPearson India Education Services Ltd.
_c2018
300 _axvii, 705p.
500 _aIncludes Appendix: A-2 - E-2; Glossary: G-1 - G16; References: R-1 - R14; Index: I-1 - I-14; after the textual pages.
653 _aEnvironmental geology
942 _2ddc
_cBK
999 _c25366
_d25366